000 00426nam a2200157 i 4500
001 35140
003 ES-MaACL
005 20230906155049.0
007 t|
008 030212q1951 sp ||||1| spa d
100 1 _aBorders, Dehnarc.
_930398
245 1 0 _aMarte atacará el año 1956 /
_cDehnarc Borders.
260 _aSevilla :
_bE.C.E.S.A.,
_c[1951?]
300 _a62 p. ;
_c21 cm.
852 _aES-MaACL
_j1930-F-14
_bR.31694
999 _c35140
_d35140